000 00884nas a2200289 4500
001 BR0701335
003 BR-BrBNA
005 20231205110640.0
007 ta
008 230509b bl.|||p| |||| 00| 00por d
040 _aBR-BrBNA
_bpor
_cBiblioteca Nacional de Agricultura
041 _a(Pt)
072 _aP34
100 1 _aSouchie, E.L.
100 1 _aCampello, E.F.C.
100 1 _aSaggin-Junior, O.J.
100 1 _aSilva, E.M.R. da
245 1 _aMudas de espécies arbóreas inoculadas com bactérias solubilizadoras de fosfato e fungos micorrízicos arbusculares
650 _aMUDA
650 _aLEGUMINOSA
650 _aINOCULAÇÃO
650 _aFÓSFORO
650 _aFIXAÇÃO DE NITROGÊNIO
773 0 _tFloresta (Brazil)
_xISSN 0015-3826
_g(May-Aug 2005), v. 35(2) p. 329-334
_wBR0701335
909 _a202311
_bLúcia
_c55
_dLúcia Elande
942 _2AGRIS
_n0
_cANA
999 _c188361
_d188361